000 00381nam a22001577a 4500
003 MPLRDC
005 20220104123955.0
008 210129b ||||| |||| 00| 0 eng d
082 _a820.9 RYN
100 _a任雨农编纂
245 _a中国文学史简编
_c
260 _a
_b刘氏父子公司
_c1962
300 _b
650 _a中国文学史
942 _cBK
_o820.9 RYN
999 _c15649
_d15639